Nemčina 2

Na minha lista:
Detalhes bibliográficos
Main Authors: Dórová, Hilda (Author), Vigašová, Gabriela (Author)
Formato: Livro
Idioma:eslovaco
Publicado em: Bratislava : SVŠT v Bratislave, 1988
Edição:2. vyd.
Tags: Adicionar Tag
Sem tags, seja o primeiro a adicionar uma tag!

MARC

LEADER 00000nam a22000003a 4500
001 stu25139
005 20150617225746.0
008 980316s1988------------------------slo-d
040 |a STU  |b slo 
041 0 |a slo 
100 1 |a Dórová, Hilda  |4 aut 
245 1 |a Nemčina 2 
250 |a 2. vyd. 
260 |a Bratislava :  |b SVŠT v Bratislave,  |c 1988 
300 |a 201 s 
700 1 |a Vigašová, Gabriela  |4 aut 
996 |b 284ES24104  |c E*S-36357  |l EE0105  |s P  |a 0  |w stu25139_0001